[Event "Nez rouge A"]
[Site "Gatineau CAN"]
[Date "2006.12.19"]
[Round "5"]
[White "Dallaire, Dominic"]
[Black "Pepin, Christian"]
[Result "1/2-1/2"]
[WhiteElo "1844"]
[BlackElo "2048"]
[PlyCount "98"]
[EventDate "2006.11.21"]
[EventType "swiss"]
[EventRounds "5"]
[EventCountry "CAN"]

1. e4 c6 2. d4 d5 3. e5 Bf5 4. Nf3 e6 5. Be2 c5 6. c3 cxd4 7. cxd4 Ne7 8. Nc3
Nec6 9. a3 Nd7 10. O-O Be7 11. Be3 O-O 12. b4 Rc8 13. Rc1 Bg4 14. Qd2 Bxf3 15.
Bxf3 a6 16. Be2 Ndxe5 17. dxe5 d4 18. Bf4 dxc3 19. Qxc3 Nd4 20. Qe3 Nxe2+ 21.
Qxe2 Qd4 22. Qf3 Qa7 23. Qg3 Rfd8 24. Bh6 Bf8 25. Rxc8 Rxc8 26. Rd1 Qb8 27. Bg5
Qc7 28. h4 Be7 29. Rc1 Qxc1+ 30. Bxc1 Rxc1+ 31. Kh2 g6 32. h5 a5 33. hxg6 hxg6
34. bxa5 Rc5 35. Qb3 Rxa5 36. a4 b6 37. f4 Bc5 38. g4 Ra8 39. Kg3 Rd8 40. Qc2
Rd5 41. Kf3 g5 42. Qe4 gxf4 43. Qxf4 Rd3+ 44. Ke2 Rd4 45. Qg5+ Kf8 46. Qh6+ Ke8
47. Qh8+ Kd7 48. Qb8 Rxa4 49. Qb7+ Kd8 1/2-1/2

[Event "Nez rouge A"]
[Site "Gatineau CAN"]
[Date "2006.12.19"]
[Round "5"]
[White "Desjardins, Michel"]
[Black "Chartrand, Jean Bruno"]
[Result "1/2-1/2"]
[WhiteElo "1898"]
[BlackElo "1824"]
[PlyCount "42"]
[EventDate "2006.11.21"]
[EventType "swiss"]
[EventRounds "5"]
[EventCountry "CAN"]

1. e4 Nf6 2. Nc3 d5 3. e5 d4 4. exf6 dxc3 5. fxg7 cxd2+ 6. Qxd2 Qxd2+ 7. Bxd2
Bxg7 8. O-O-O Nc6 9. Bb5 Bd7 10. Nf3 a6 11. Bc4 Ne5 12. Nxe5 Bxe5 13. Rhe1 Bf6
14. Bf4 e6 15. Be5 Bxe5 16. Rxe5 O-O-O 17. Rh5 Rdg8 18. g3 Bc6 19. Re1 Bf3 20.
Rh4 Rg4 21. Rxg4 Bxg4 1/2-1/2

[Event "Nez rouge A"]
[Site "Gatineau CAN"]
[Date "2006.12.19"]
[Round "5"]
[White "Forget, David"]
[Black "Guimond, Michel"]
[Result "1-0"]
[WhiteElo "1874"]
[BlackElo "1811"]
[PlyCount "63"]
[EventDate "2006.11.21"]
[EventType "swiss"]
[EventRounds "5"]
[EventCountry "CAN"]

1. d4 g6 2. c4 Bg7 3. e4 d6 4. Nc3 Nd7 5. Nf3 c6 6. Be2 e5 7. d5 c5 8. O-O Nh6
9. Ne1 O-O 10. Nd3 f5 11. f4 Nf7 12. fxe5 Ndxe5 13. Nf4 Ng5 14. exf5 Bxf5 15.
Be3 Qe7 16. Qd2 Rae8 17. Rae1 h6 18. Kh1 Kh7 19. a3 Nd7 20. Bd1 Be5 21. Bg1 Rf7
22. h4 Bxf4 23. Qxf4 Be4 24. Qg3 Rxf1 25. Rxf1 Nf7 26. Nxe4 Nfe5 27. Ba4 Rf8
28. Rxf8 Qxf8 29. Bxd7 Nxd7 30. Qxd6 Qf5 31. Qe6 b6 32. Qxd7+ 1-0

[Event "Nez rouge A"]
[Site "Gatineau CAN"]
[Date "2006.12.19"]
[Round "5"]
[White "Laurin, Jacques"]
[Black "Villeneuve, Luc"]
[Result "1-0"]
[WhiteElo "1811"]
[BlackElo "1560"]
[PlyCount "71"]
[EventDate "2006.11.21"]
[EventType "swiss"]
[EventRounds "5"]
[EventCountry "CAN"]

1. c4 f5 2. g3 Nf6 3. Nc3 e5 4. Bg2 c6 5. d3 d6 6. Nf3 Be7 7. O-O O-O 8. Ng5 h6
9. Nf3 Qe8 10. Qb3 Qf7 11. Nh4 Na6 12. Nxf5 Bxf5 13. Qxb7 Nc5 14. Qxc6 Rfc8 15.
Qf3 Bg4 16. Qe3 Rab8 17. Nb5 Bf8 18. b4 Na4 19. Nxa7 Rc7 20. Nc6 Rbc8 21. b5
Bd7 22. Nb4 Qh5 23. f3 d5 24. Na6 dxc4 25. g4 Qf7 26. Qxe5 Rc5 27. Nxc5 Rxc5
28. Qf4 Bxb5 29. Ba3 cxd3 30. exd3 Rc2 31. Bxf8 Qxf8 32. Rfe1 Qc5+ 33. d4 Qa3
34. Qb8+ Kh7 35. Qxb5 Nc3 36. Qf5+ 1-0

[Event "Nez rouge A"]
[Site "Gatineau CAN"]
[Date "2006.12.19"]
[Round "5"]
[White "Libersan, Mattieu"]
[Black "Malette, Martin"]
[Result "0-1"]
[WhiteElo "1953"]
[BlackElo "2057"]
[PlyCount "66"]
[EventDate "2006.11.21"]
[EventType "swiss"]
[EventRounds "5"]
[EventCountry "CAN"]

1. e4 c5 2. Nf3 Nc6 3. d4 cxd4 4. Nxd4 Nf6 5. Nc3 e6 6. Be2 Bb4 7. O-O Bxc3 8.
bxc3 Nxe4 9. Bd3 Nxd4 10. cxd4 Nf6 11. Bg5 h6 12. Bh4 d6 13. Re1 O-O 14. Qf3
Rb8 15. c4 b6 16. Rad1 Bb7 17. d5 e5 18. Bc2 g5 19. Bg3 Kg7 20. h4 Bc8 21. Qd3
Rh8 22. Re3 Bg4 23. Rde1 Bh5 24. hxg5 hxg5 25. Qf5 Bg6 26. Qxg5 Rh5 27. Rxe5
Rxg5 28. Rxg5 Qd7 29. Bxg6 fxg6 30. Re6 Re8 31. Rxd6 Re1+ 32. Kh2 Ng4+ 33. Rxg4
Qxg4 0-1

[Event "Nez rouge A"]
[Site "Gatineau CAN"]
[Date "2006.12.19"]
[Round "5"]
[White "Szalay, Karoly"]
[Black "Laurin, Marcel"]
[Result "1-0"]
[WhiteElo "1865"]
[BlackElo "1632"]
[PlyCount "85"]
[EventDate "2006.11.21"]
[EventType "swiss"]
[EventRounds "5"]
[EventCountry "CAN"]

1. e4 b6 2. d4 Bb7 3. Bd3 d6 4. c4 Nd7 5. Nc3 g6 6. Nge2 e6 7. Be3 Bg7 8. Qd2
Ne7 9. f3 a6 10. a3 c5 11. Bc2 Qc7 12. Bd3 cxd4 13. Nxd4 O-O 14. O-O Nc5 15.
Rad1 Rac8 16. Be2 e5 17. Nc2 Rfd8 18. Nb4 Nb3 19. Qe1 f5 20. Nc2 f4 21. Bf2 g5
22. Kh1 Ng6 23. Nd5 Bxd5 24. Rxd5 Bf6 25. Qc3 Nc5 26. Rfd1 Ne7 27. R5d2 Nc6 28.
b4 Ne6 29. Qb3 Kf7 30. c5 bxc5 31. Bc4 Qe7 32. bxc5 dxc5 33. Bxc5 Rxd2 34. Rxd2
Qe8 35. Qb7+ Kg6 36. Bxe6 Qxe6 37. Rd6 Qe8 38. Qxa6 Kg7 39. Nb4 Nd4 40. Qa7+
Kg8 41. Nd5 Rxc5 42. Nxf6+ Kf8 43. Qxc5 1-0

[Event "Nez rouge B"]
[Site "Gatineau CAN"]
[Date "2006.11.21"]
[Round "1"]
[White "Berthiaume, Patrick"]
[Black "Arsenault, Yves"]
[Result "0-1"]
[WhiteElo "984"]
[BlackElo "1440"]
[PlyCount "58"]
[EventDate "2006.11.21"]
[EventType "swiss"]
[EventRounds "5"]
[EventCountry "CAN"]

1. e4 c5 2. Bc4 Nc6 3. Nf3 Nf6 4. Ng5 Ne5 5. d3 Nxc4 6. dxc4 h6 7. Nf3 Nxe4 8.
Bf4 g5 9. Be3 Bg7 10. c3 Qb6 11. Qd5 Qxb2 12. Qxe4 Qxa1 13. Bxc5 Bxc3+ 14. Ke2
Qxa2+ 15. Nfd2 Bf6 16. Nc3 Qa5 17. Qe3 Qxc3 18. Qxc3 Bxc3 19. Ne4 Be5 20. g3 d6
21. Be3 Bf5 22. Nd2 b6 23. f4 gxf4 24. gxf4 Bg4+ 25. Nf3 Bf6 26. Rg1 Rg8 27. h3
Bxf3+ 28. Kxf3 Rxg1 29. Bxg1 Rc8 0-1

[Event "Nez rouge B"]
[Site "Gatineau CAN"]
[Date "2006.11.21"]
[Round "1"]
[White "Berthiaume, Serge"]
[Black "Pilon, Robert"]
[Result "0-1"]
[WhiteElo "1168"]
[BlackElo "1536"]
[PlyCount "80"]
[EventDate "2006.11.21"]
[EventType "swiss"]
[EventRounds "5"]
[EventCountry "CAN"]

1. d4 Nf6 2. Nc3 d5 3. e3 Bg4 4. Nf3 e6 5. Be2 Bd6 6. Qd3 c6 7. Nh4 Qc7 8. Bxg4
Nxg4 9. g3 Nd7 10. Qe2 f5 11. h3 Nxf2 12. Rh2 Bxg3 13. Rxf2 Bxh4 14. Qh5+ g6
15. Qxh4 O-O 16. Qh6 Nf6 17. Ne2 Ne4 18. Rg2 Qg7 19. Qf4 Rae8 20. Bd2 e5 21.
Qh2 exd4 22. exd4 Nxd2 23. Kxd2 Re4 24. Re1 Qh6+ 25. Kd1 Rfe8 26. c3 Qe3 27.
Kc2 f4 28. Rgg1 Qxe2+ 29. Rxe2 Rxe2+ 30. Qxe2 Rxe2+ 31. Kd1 Rxb2 32. Rg4 f3 33.
Rf4 f2 34. h4 Kg7 35. Rf3 Rxa2 36. Rf4 Ra1+ 37. Ke2 f1=Q+ 38. Rxf1 Rxf1 39.
Kxf1 a5 40. Ke1 Kf6 0-1

[Event "Nez rouge B"]
[Site "Gatineau CAN"]
[Date "2006.11.21"]
[Round "1"]
[White "Blouin, Francois"]
[Black "Toulouse, Raphael"]
[Result "1-0"]
[WhiteElo "1531"]
[BlackElo "1104"]
[PlyCount "114"]
[EventDate "2006.11.21"]
[EventType "swiss"]
[EventRounds "5"]
[EventCountry "CAN"]

1. e4 c5 2. Nc3 d6 3. g3 Nc6 4. Bg2 e5 5. d3 Nge7 6. Be3 g6 7. Qd2 Bg7 8. Bh6
O-O 9. Bxg7 Kxg7 10. Nge2 Re8 11. O-O Qa5 12. Qc1 Be6 13. a3 Rac8 14. f4 exf4
15. Qxf4 Rcd8 16. Qf6+ Kg8 17. Nf4 Bc8 18. Nh3 Ne5 19. Ng5 Be6 20. Nxe6 fxe6
21. Qxe6+ Kg7 22. Rf2 Nf5 23. Qb3 Nd4 24. Qxb7+ Rd7 25. Qd5 Ne6 26. Bh3 Nc7 27.
Qb7 Ne6 28. Qb5 Qd8 29. Bxe6 Rxe6 30. Qb3 Rf6 31. Raf1 Rxf2 32. Rxf2 Ng4 33.
Rf3 Qg5 34. Ne2 Qd2 35. Qc3+ Qxc3 36. Nxc3 Ne5 37. Rf4 g5 38. Rf5 h6 39. h3 g4
40. h4 Nf3+ 41. Kf1 Nd4 42. Rf2 Nf3 43. Nd5 Rf7 44. Nf4 a5 45. c3 a4 46. Ke2
Kf6 47. Nd5+ Ke5 48. Nb6 Ra7 49. Nc4+ Ke6 50. Nd2 Rb7 51. Nxf3 Rxb2+ 52. Ke3
Rxf2 53. Ng5+ hxg5 54. Kxf2 gxh4 55. gxh4 Kf6 56. Kg3 Kg6 57. Kxg4 Kh6 1-0

[Event "Nez rouge B"]
[Site "Gatineau CAN"]
[Date "2006.11.21"]
[Round "1"]
[White "Charette, Jean Sebastien"]
[Black "Parent, Patrick"]
[Result "1-0"]
[WhiteElo "1347"]
[BlackElo "1643"]
[PlyCount "60"]
[EventDate "2006.11.21"]
[EventType "swiss"]
[EventRounds "5"]
[EventCountry "CAN"]

1. e4 c5 2. c3 g6 3. Nf3 Bg7 4. Bc4 e6 5. d4 Qc7 6. Na3 a6 7. Qd3 b5 8. Bxb5
axb5 9. Nxb5 Qd8 10. Ng5 Nh6 11. Nd6+ Kf8 12. Qf3 f6 13. e5 Ra6 14. exf6 Rxd6
15. fxg7+ Kxg7 16. Ne4 Rd5 17. Qf4 Nf7 18. Qxb8 Qh4 19. Nxc5 Rxc5 20. dxc5 Qe4+
21. Be3 Ba6 22. Qb4 Qc2 23. Qd4+ e5 24. Qd2 Qa4 25. b3 Qa3 26. c4 d5 27. cxd6
Rd8 28. O-O Rxd6 29. Qc3 Bb7 30. f4 Qa8 1-0

[Event "Nez rouge B"]
[Site "Gatineau CAN"]
[Date "2006.11.21"]
[Round "1"]
[White "Charland, Roger"]
[Black "Chirokova, Elena"]
[Result "1-0"]
[WhiteElo "1581"]
[BlackElo "1324"]
[PlyCount "113"]
[EventDate "2006.11.21"]
[EventType "swiss"]
[EventRounds "5"]
[EventCountry "CAN"]

1. Nf3 d5 2. d3 Nf6 3. g3 Nc6 4. Bg2 h6 5. O-O e5 6. Nbd2 Bg4 7. c3 Be7 8. Re1
O-O 9. e4 d4 10. c4 Nb4 11. Nf1 c5 12. h3 Bxf3 13. Bxf3 Qd7 14. Kg2 Kh7 15. a3
Na6 16. Nh2 Nc7 17. Ng4 Nxg4 18. hxg4 Ne6 19. Rh1 Ng5 20. Rh5 g6 21. Rh2 Kg7
22. Be2 f6 23. f4 Nf7 24. f5 g5 25. a4 a6 26. a5 Bd8 27. Bd2 b5 28. axb6 Bxb6
29. b4 Qc6 30. bxc5 Bxc5 31. Ba5 Rfb8 32. Rb1 Rxb1 33. Qxb1 Qa4 34. Be1 Nd8 35.
Bd1 Qd7 36. Kf3 Nc6 37. Ba4 Qc7 38. Rb2 Rb8 39. Bxc6 Rxb2 40. Qxb2 Qxc6 41. Ba5
Kf7 42. Bb4 Qb6 43. Ba3 Qxb2 44. Bxb2 a5 45. Ke2 Bb4 46. Kd1 Ke7 47. Kc2 a4 48.
Bc1 Bc3 49. Ba3+ Kd7 50. Kb1 Ba5 51. Ka2 Kc7 52. Bf8 Kc6 53. Ka3 Bd8 54. Kxa4
Bc7 55. Be7 Bb6 56. Bxf6 Bc5 57. Bxe5 1-0

[Event "Nez rouge B"]
[Site "Gatineau CAN"]
[Date "2006.11.21"]
[Round "1"]
[White "Kennedy, Phillip"]
[Black "Maisonneuve, Paul"]
[Result "0-1"]
[WhiteElo "1295"]
[BlackElo "1561"]
[PlyCount "112"]
[EventDate "2006.11.21"]
[EventType "swiss"]
[EventRounds "5"]
[EventCountry "CAN"]

1. Nf3 Nf6 2. g3 d5 3. Bg2 g6 4. O-O Bg7 5. Nc3 O-O 6. d4 Nbd7 7. Re1 Re8 8. e4
dxe4 9. Nxe4 Nxe4 10. Rxe4 Nf6 11. Re2 c6 12. c3 Bg4 13. h3 Bxf3 14. Bxf3 Nd5
15. Qd3 e6 16. Bd2 Qb6 17. Rb1 Rad8 18. a3 Ne7 19. Be3 Nf5 20. Bg5 f6 21. Bd2
e5 22. Qc4+ Kh8 23. b4 exd4 24. Rxe8+ Rxe8 25. Re1 Rxe1+ 26. Bxe1 dxc3 27. Bxc3
Qd8 28. Qc5 a6 29. a4 Ne7 30. b5 axb5 31. axb5 Qd7 32. bxc6 bxc6 33. Qd4 Qxd4
34. Bxd4 Kg8 35. Bg2 f5 36. Bc5 Nd5 37. Bxd5+ cxd5 38. Kf1 Kf7 39. Ke2 Ke6 40.
Kd3 g5 41. f4 gxf4 42. gxf4 Bh6 43. Ke3 Bg7 44. Kd3 h5 45. Ke3 Bb2 46. Kd3 Bc1
47. Be3 Bxe3 48. Kxe3 Kd6 49. Kd3 Kc5 50. Kc3 h4 51. Kd3 d4 52. Kc2 Kc4 53. Kd2
d3 54. Kd1 Kd4 55. Ke1 Ke3 56. Kf1 d2 0-1

[Event "Nez rouge B"]
[Site "Gatineau CAN"]
[Date "2006.11.21"]
[Round "1"]
[White "Lacourse, Guy"]
[Black "Iyamuremye, Gervais"]
[Result "1/2-1/2"]
[WhiteElo "1652"]
[BlackElo "1363"]
[PlyCount "141"]
[EventDate "2006.11.21"]
[EventType "swiss"]
[EventRounds "5"]
[EventCountry "CAN"]

1. d4 g6 2. c4 Bg7 3. Nc3 b6 4. e4 Bb7 5. Nf3 d6 6. Be2 Nf6 7. Qc2 Na6 8. a3
O-O 9. O-O c5 10. d5 Nc7 11. Rb1 Bc8 12. b4 Nd7 13. b5 Ne5 14. h3 Nxf3+ 15.
Bxf3 f5 16. Kh2 e5 17. Be2 f4 18. Bf3 g5 19. Qe2 Qf6 20. Bd2 Qh6 21. Bg4 Ne8
22. Bxc8 Rxc8 23. f3 Nf6 24. Rh1 Nh5 25. Be1 Rf7 26. Qd2 Rcf8 27. Kg1 Qg6 28.
Ne2 Nf6 29. Nc3 h5 30. Kf1 g4 31. hxg4 hxg4 32. Ke2 Bh6 33. Kd3 Rh7 34. Qe2 g3
35. Bd2 Bg5 36. Rxh7 Qxh7 37. Rg1 Qd7 38. Qf1 Rf7 39. Ne2 Nh7 40. a4 Qb7 41.
Rh1 a6 42. Nc3 a5 43. Rh5 Rg7 44. Qh1 Qf7 45. Ne2 Kf8 46. Qh3 Qd7 47. Qh1 Qf7
48. Ng1 Ke8 49. Bc3 Kd8 50. Ne2 Nf6 51. Rh8+ Rg8 52. Bd2 Qg7 53. Rxg8+ Nxg8 54.
Qh3 Be7 55. Ng1 Qh6 56. Qe6 Qxe6 57. dxe6 Bf6 58. Ne2 Ke7 59. Nc3 Kxe6 60. Nd5
Bd8 61. Nc3 Ne7 62. Ke2 Ng6 63. Nd5 Kd7 64. Bc3 Nf8 65. Kd3 Ne6 66. Bb2 Nf8 67.
Nc3 Ne6 68. Ne2 Nf8 69. Ng1 Ne6 70. Nh3 Ng5 71. Nxg5 1/2-1/2

[Event "Nez rouge B"]
[Site "Gatineau CAN"]
[Date "2006.11.21"]
[Round "1"]
[White "Levesque, Andre"]
[Black "Scantland, Patrick"]
[Result "0-1"]
[WhiteElo "1498"]
[BlackElo "1682"]
[PlyCount "86"]
[EventDate "2006.11.21"]
[EventType "swiss"]
[EventRounds "5"]
[EventCountry "CAN"]

1. e4 c5 2. Nc3 d6 3. g3 g6 4. Bg2 Bg7 5. f4 Nc6 6. d3 e6 7. Nge2 Nge7 8. O-O
Nd4 9. Nxd4 Bxd4+ 10. Kh1 a6 11. Ne2 Bg7 12. c3 Rb8 13. d4 O-O 14. Be3 Qc7 15.
Rc1 b5 16. dxc5 dxc5 17. b4 Rd8 18. Qc2 c4 19. Rcd1 Bb7 20. Nd4 Rd7 21. g4 Rbd8
22. Qf2 Nc6 23. e5 Ne7 24. Rd2 Bxg2+ 25. Kxg2 Nd5 26. Rc1 Qb7 27. Kg3 g5 28. h4
gxf4+ 29. Bxf4 Qc7 30. Re2 Nxb4 31. cxb4 Rxd4 32. Rce1 Qc6 33. g5 Rd3+ 34. Kh2
c3 35. h5 Rf3 36. Qh4 Rd4 37. Rf2 Rdxf4 38. Qxf4 Rxf4 39. Rxf4 c2 40. Rff1 Qd5
41. g6 Bxe5+ 42. Kh3 Qd3+ 43. Kh4 Qg3# 0-1

[Event "Nez rouge B"]
[Site "Gatineau CAN"]
[Date "2006.11.21"]
[Round "1"]
[White "Rainey, Ivan"]
[Black "Jiang, Qizhe"]
[Result "1-0"]
[WhiteElo "1097"]
[BlackElo "913"]
[PlyCount "61"]
[EventDate "2006.11.21"]
[EventType "swiss"]
[EventRounds "5"]
[EventCountry "CAN"]

1. e4 e5 2. Nf3 Nc6 3. Bb5 Nge7 4. Bxc6 Nxc6 5. O-O g6 6. d3 Bg7 7. Be3 O-O 8.
Qd2 d6 9. Bh6 Bd7 10. Nc3 Re8 11. a3 Bg4 12. Bxg7 Kxg7 13. Qe3 b6 14. h3 Bd7
15. Rad1 Bc8 16. d4 exd4 17. Nxd4 Nxd4 18. Qxd4+ Kg8 19. e5 Qe7 20. exd6 cxd6
21. Nd5 Qd8 22. Rfe1 Rxe1+ 23. Rxe1 Bb7 24. Re8+ Qxe8 25. Nf6+ Kf8 26. Nxe8
Rxe8 27. Qxd6+ Kg8 28. Qd7 Re1+ 29. Kh2 Be4 30. Qc8+ Kg7 31. Qc3+ 1-0

[Event "Nez rouge B"]
[Site "Gatineau CAN"]
[Date "2006.11.21"]
[Round "1"]
[White "Villeneuve, Luc"]
[Black "Dupont, Claude"]
[Result "1-0"]
[WhiteElo "1560"]
[BlackElo "1402"]
[PlyCount "55"]
[EventDate "2006.11.21"]
[EventType "swiss"]
[EventRounds "5"]
[EventCountry "CAN"]

1. Nf3 d5 2. g3 Nc6 3. Bg2 e5 4. d3 Nf6 5. Nbd2 Bd6 6. O-O O-O 7. e4 dxe4 8.
dxe4 Bg4 9. c3 a6 10. Qe2 b5 11. Re1 Re8 12. Nf1 h6 13. Ne3 Be6 14. Nh4 Ne7 15.
Rd1 Qc8 16. a4 Rd8 17. c4 bxc4 18. Nxc4 Bxc4 19. Qxc4 Rb8 20. Qe2 a5 21. Qf3
Bb4 22. Bxh6 Nh7 23. Rxd8+ Qxd8 24. Qg4 g6 25. Rd1 Bd6 26. Bf1 Rxb2 27. Bc4 Rc2
28. Nxg6 1-0

[Event "Nez rouge B"]
[Site "Gatineau CAN"]
[Date "2006.11.28"]
[Round "2"]
[White "Arsenault, Yves"]
[Black "Charland, Roger"]
[Result "1-0"]
[WhiteElo "1440"]
[BlackElo "1581"]
[PlyCount "41"]
[EventDate "2006.11.21"]
[EventType "swiss"]
[EventRounds "5"]
[EventCountry "CAN"]

1. e4 Nf6 2. e5 Nd5 3. c4 Nb6 4. Nc3 Nc6 5. c5 Nxe5 6. cxb6 axb6 7. d4 Nc6 8.
Bc4 e6 9. Bf4 Bb4 10. Nge2 O-O 11. O-O d6 12. Qd3 Bxc3 13. Qxc3 Qf6 14. Rfe1 e5
15. dxe5 dxe5 16. Bg3 h5 17. f4 h4 18. fxe5 Qf5 19. Rf1 Qg6 20. Bxh4 Ra5 21.
Bg3 1-0

[Event "Nez rouge B"]
[Site "Gatineau CAN"]
[Date "2006.11.28"]
[Round "2"]
[White "Berthiaume, Patrick"]
[Black "Kennedy, Phillip"]
[Result "0-1"]
[WhiteElo "984"]
[BlackElo "1296"]
[PlyCount "54"]
[EventDate "2006.11.21"]
[EventType "swiss"]
[EventRounds "5"]
[EventCountry "CAN"]

1. e4 c5 2. Bc4 e6 3. Nc3 Nc6 4. Nf3 g6 5. O-O Bg7 6. d3 Ne5 7. Bf4 Nxc4 8.
dxc4 d6 9. Qxd6 Qxd6 10. Bxd6 b6 11. Be5 Bxe5 12. Nxe5 Ne7 13. Rad1 O-O 14. Nb5
f6 15. Nd7 Bxd7 16. Rxd7 Nc6 17. a4 Ne5 18. b3 Nxd7 19. Nc7 Rac8 20. Nxe6 Rfe8
21. Nf4 Rxe4 22. Nd3 Rce8 23. c3 Ne5 24. Nxe5 R8xe5 25. b4 Re1 26. bxc5 Rxf1+
27. Kxf1 Rxc5 0-1

[Event "Nez rouge B"]
[Site "Gatineau CAN"]
[Date "2006.11.28"]
[Round "2"]
[White "Jiang, Qizhe"]
[Black "Lacourse, Guy"]
[Result "0-1"]
[WhiteElo "913"]
[BlackElo "1652"]
[PlyCount "36"]
[EventDate "2006.11.21"]
[EventType "swiss"]
[EventRounds "5"]
[EventCountry "CAN"]

1. e4 c5 2. Nc3 Nc6 3. Nf3 g6 4. Bc4 Bg7 5. Ng5 e6 6. Be2 Nge7 7. O-O d5 8.
exd5 Nxd5 9. Nxd5 exd5 10. Bf3 O-O 11. Re1 Qxg5 12. Bxd5 Qxd5 13. d3 b6 14. c4
Qd6 15. Rb1 Nd4 16. b3 Bb7 17. Bb2 Qc6 18. Bxd4 Qxg2# 0-1

[Event "Nez rouge B"]
[Site "Gatineau CAN"]
[Date "2006.11.28"]
[Round "2"]
[White "Maisonneuve, Paul"]
[Black "Charette, Jean Sebastien"]
[Result "0-1"]
[WhiteElo "1561"]
[BlackElo "1347"]
[PlyCount "50"]
[EventDate "2006.11.21"]
[EventType "swiss"]
[EventRounds "5"]
[EventCountry "CAN"]

1. d4 f5 2. Bf4 Nf6 3. e3 d6 4. Nf3 b6 5. c4 e6 6. Be2 Bb7 7. O-O Be7 8. Nc3
O-O 9. h3 Nbd7 10. Ng5 e5 11. Ne6 Qe8 12. dxe5 Qg6 13. Bf3 Bxf3 14. Qxf3 dxe5
15. Nxf8 Rxf8 16. Bh2 Bd6 17. Nb5 Ne4 18. Qd1 f4 19. Nxd6 cxd6 20. exf4 exf4
21. Qd5+ Kh8 22. Rfe1 f3 23. g4 Ng5 24. Qxd6 Nxh3+ 25. Kh1 Nxf2+ 0-1

[Event "Nez rouge B"]
[Site "Gatineau CAN"]
[Date "2006.11.28"]
[Round "2"]
[White "Rainey, Ivan"]
[Black "Blouin, Francois"]
[Result "1-0"]
[WhiteElo "1097"]
[BlackElo "1531"]
[PlyCount "125"]
[EventDate "2006.11.21"]
[EventType "swiss"]
[EventRounds "5"]
[EventCountry "CAN"]

1. e4 e6 2. d4 d5 3. exd5 exd5 4. Nf3 Bd6 5. Nc3 Ne7 6. Bd3 O-O 7. O-O c6 8.
Re1 Bf5 9. Rxe7 Bxd3 10. Re3 Bf5 11. Re1 h6 12. Re2 Bg4 13. Qd3 Nd7 14. h3 Bh5
15. Re1 Qf6 16. Re3 Rae8 17. Rxe8 Rxe8 18. Bd2 Bg6 19. Qf1 Bxc2 20. Rc1 Bg6 21.
Re1 Rxe1 22. Qxe1 Kf8 23. Qe3 Bh5 24. Ne2 Bxf3 25. Qxf3 Qxf3 26. gxf3 Ke7 27.
Ng3 Kf6 28. Nh5+ Kg6 29. Nf4+ Bxf4 30. Bxf4 Nb6 31. b3 a5 32. Bc7 Nd7 33. Bxa5
Kf5 34. Bd2 Nf8 35. Kg2 Ke6 36. Kg3 b6 37. b4 b5 38. a3 Nd7 39. Kf4 Nb6 40. h4
Kf6 41. Kg4 Kg6 42. h5+ Kf6 43. f4 Nc4 44. Bc1 Nd6 45. f3 Nf5 46. Bd2 Nxd4 47.
Bc3 Ke6 48. Bxd4 g6 49. hxg6 fxg6 50. Be5 Kf7 51. f5 gxf5+ 52. Kxf5 h5 53. Kg5
Ke6 54. Bd4 h4 55. Kxh4 Kf5 56. Kg3 Kg5 57. f4+ Kf5 58. Kf3 Ke6 59. Kg4 Kf7 60.
Kf5 Ke7 61. Ke5 Kf7 62. f5 Ke7 63. f6+ 1-0

[Event "Nez rouge B"]
[Site "Gatineau CAN"]
[Date "2006.11.28"]
[Round "2"]
[White "Scantland, Patrick"]
[Black "Pilon, Robert"]
[Result "1-0"]
[WhiteElo "1682"]
[BlackElo "1536"]
[PlyCount "53"]
[EventDate "2006.11.21"]
[EventType "swiss"]
[EventRounds "5"]
[EventCountry "CAN"]

1. Nf3 Nf6 2. d4 d5 3. c4 Bf5 4. Nc3 e6 5. Qb3 b6 6. Bg5 c6 7. e3 Be7 8. Be2
O-O 9. O-O Nbd7 10. cxd5 cxd5 11. Ba6 Ne4 12. Bxe7 Qxe7 13. Nxe4 Bxe4 14. Nd2
Rab8 15. Qb5 f5 16. Rac1 Nf6 17. f3 Nh5 18. fxe4 fxe4 19. Rxf8+ Rxf8 20. Nxe4
Qh4 21. Ng3 Nxg3 22. hxg3 Qxg3 23. Qe2 g6 24. Rc8 Rxc8 25. Bxc8 Qd6 26. Qg4 Kf7
27. Qf4+ 1-0

[Event "Nez rouge B"]
[Site "Gatineau CAN"]
[Date "2006.11.28"]
[Round "2"]
[White "Toulouse, Raphael"]
[Black "Levesque, Andre"]
[Result "1/2-1/2"]
[WhiteElo "1104"]
[BlackElo "1498"]
[PlyCount "138"]
[EventDate "2006.11.21"]
[EventType "swiss"]
[EventRounds "5"]
[EventCountry "CAN"]

1. d4 f5 2. Nf3 e6 3. e3 Nf6 4. Bd3 b6 5. Ne5 Bb7 6. O-O Be7 7. b3 O-O 8. Ba3
Bxa3 9. Nxa3 d6 10. Nf3 a6 11. Ng5 Qe8 12. Bc4 Nd5 13. Nb1 Qg6 14. Nf3 Nd7 15.
c3 Rf6 16. Qc2 Kh8 17. Nbd2 Raf8 18. Qd3 b5 19. Bxd5 Bxd5 20. c4 bxc4 21. bxc4
Bb7 22. Rab1 Be4 23. Nxe4 fxe4 24. Nh4 exd3 25. Nxg6+ Rxg6 26. Rb7 Nf6 27. Rfb1
Ne4 28. Rxc7 Nxf2 29. Rf7 Rf6 30. Rxf6 gxf6 31. Kxf2 Rc8 32. Rd1 Rxc4 33. Rxd3
Rc2+ 34. Kf3 Rxa2 35. Rc3 Kg7 36. Rc7+ Kg6 37. Rc6 d5 38. Rxe6 h5 39. Rd6 Ra5
40. Kf4 h4 41. h3 Ra2 42. Kf3 Ra5 43. Kg4 Ra3 44. Rxd5 Rxe3 45. Kxh4 Kf7 46.
Kg4 Re2 47. Kf3 Ra2 48. g4 a5 49. Rd7+ Ke6 50. Ra7 a4 51. Ke4 a3 52. d5+ Kd6
53. Ra6+ Kc5 54. d6 Rd2 55. Rxa3 Kxd6 56. Rd3+ Rxd3 57. Kxd3 Ke6 58. Ke4 Ke7
59. Kf5 Kf7 60. h4 Kg7 61. g5 fxg5 62. Kxg5 Kh7 63. h5 Kg7 64. h6+ Kh7 65. Kh5
Kg8 66. Kg6 Kh8 67. Kh5 Kh7 68. Kg5 Kg8 69. h7+ Kxh7 1/2-1/2

[Event "Nez rouge B"]
[Site "Gatineau CAN"]
[Date "2006.12.05"]
[Round "3"]
[White "Arsenault, Yves"]
[Black "Scantland, Patrick"]
[Result "0-1"]
[WhiteElo "1440"]
[BlackElo "1682"]
[PlyCount "74"]
[EventDate "2006.11.21"]
[EventType "swiss"]
[EventRounds "5"]
[EventCountry "CAN"]

1. e4 c5 2. Nf3 d6 3. Nc3 Nf6 4. Bc4 e6 5. d3 a6 6. a4 Be7 7. O-O O-O 8. Ne2 d5
9. exd5 exd5 10. Bb3 Nc6 11. Re1 Qc7 12. Bf4 Bd6 13. Qd2 Bg4 14. Bxd6 Qxd6 15.
Qf4 Qxf4 16. Nxf4 Bxf3 17. gxf3 Nd4 18. Kg2 c4 19. dxc4 dxc4 20. Red1 cxb3 21.
Rxd4 bxc2 22. Rd2 Rac8 23. Rc1 Rc4 24. Nd3 Rfc8 25. b3 Rc3 26. Ne1 Rxb3 27.
Rcxc2 Re8 28. Nd3 g6 29. Nc5 Rb4 30. Rb2 Rc4 31. Nxb7 Re1 32. Nd6 Rxa4 33. Rdc2
Nh5 34. Nxf7 Nf4+ 35. Kg3 Rg1+ 36. Kh4 g5+ 37. Nxg5 Ng6+ 0-1

[Event "Nez rouge B"]
[Site "Gatineau CAN"]
[Date "2006.12.05"]
[Round "3"]
[White "Berthiaume, Serge"]
[Black "Iyamuremye, Gervais"]
[Result "0-1"]
[WhiteElo "1168"]
[BlackElo "1538"]
[PlyCount "84"]
[EventDate "2006.11.21"]
[EventType "swiss"]
[EventRounds "5"]
[EventCountry "CAN"]

1. d4 g6 2. c4 Bg7 3. e4 d6 4. Nf3 Nf6 5. Nc3 O-O 6. Be2 b6 7. d5 c6 8. O-O
cxd5 9. cxd5 Ba6 10. Nb5 Nxe4 11. Qa4 Nc5 12. Qh4 Bxb5 13. Bxb5 f6 14. Bh6 a6
15. Be2 Nbd7 16. b4 Nb7 17. Rac1 Ne5 18. Nxe5 dxe5 19. Bc4 Nd6 20. Bb3 Qd7 21.
Rc6 Nb5 22. d6+ e6 23. Qc4 Bxh6 24. Rd1 Nd4 25. Rxb6 Rfc8 26. Qd3 Nxb3 27. Qxb3
Rcb8 28. Rxb8+ Rxb8 29. a4 Rb6 30. Kf1 Rxd6 31. Rxd6 Qxd6 32. b5 axb5 33. axb5
Qb6 34. Qa4 Bf8 35. Ke2 Bc5 36. Kd3 Bxf2 37. Kc4 Qd4+ 38. Kb3 Qxa4+ 39. Kxa4
Kg7 40. Kb4 Kh6 41. Ka5 Bc5 42. Ka6 e4 0-1